000 00469nam a22001697a 4500
005 20251108164208.0
008 250721s1994 xx 000 0 ara d
082 1 4 _a301,42/عمر
100 1 _aعمر، معن خليل
245 1 0 _aعلم إجتماع الأسرة /
264 1 _aعمان :
_bدارا لشروق للنشر والتوزيع،
_c1994.
300 _a257ص
650 1 7 _aالأسرة
650 1 7 _aالزواج
942 _2ddc
_cBK
999 _c6047
_d6047